[Event "CAMPEONATO CONTINENTAL ABSOLUT"]
[Site "Hotel Torre de Cali, Cali, Co"]
[Date "2007.07.14"]
[Round "5.34"]
[White "Barros, Raul"]
[Black "Ossa, Orlando"]
[Result "0-1"]
[WhiteElo "2056"]
[BlackElo "2272"]
[PlyCount "170"]
[EventDate "2007.07.10"]

1. Nf3 c5 2. e3 d5 3. d4 Nc6 4. Bd3 e6 5. O-O Nf6 6. b3 Be7 7. Bb2 O-O 8. Nbd2
Nd7 9. c4 Bf6 10. cxd5 exd5 11. Rc1 Re8 12. Bb1 Nf8 13. Rxc5 Be7 14. Rc1 Bd6
15. Re1 Bg4 16. h3 Bh5 17. a3 Qf6 18. Bd3 Rad8 19. b4 Bb8 20. Qa4 Re6 21. Rc2
Ng6 22. Rec1 Nh4 23. Nxh4 Qxh4 24. Qb5 Qe7 25. Qa4 Rxe3 26. fxe3 Qxe3+ 27. Kh1
Qxd3 28. Qb3 Qg6 29. Nf1 Qf6 30. b5 Ne7 31. Re1 Bg6 32. Rce2 Be4 33. Rxe4 dxe4
34. Qe3 Nd5 35. Qxe4 h6 36. a4 Qd6 37. Bc1 b6 38. Bd2 Nf6 39. Qh4 Qxd4 40. Qxd4
Rxd4 41. Bc3 Re4 42. Rd1 Be5 43. Bxe5 Rxe5 44. Rd8+ Re8 45. Rxe8+ Nxe8 46. Ne3
Nc7 47. Nc4 Ne6 48. Kg1 Nc5 49. Nb2 f5 50. Kf2 Kf7 51. Ke3 Ke6 52. Kd4 g5 53.
Kc4 Ke5 54. a5 f4 55. axb6 axb6 56. Kb4 Kd4 57. Nc4 Nd3+ 58. Kb3 Kc5 59. Nd2
Ne1 60. g3 fxg3 61. Ne4+ Kxb5 62. Nxg3 Nf3 63. Nf5 h5 64. Kc3 Ng1 65. h4 gxh4
66. Nxh4 Ka4 67. Nf5 b5 68. Kd2 b4 69. Nd4 Nh3 70. Ke3 b3 71. Nxb3 Kxb3 72. Ke4
Ng5+ 73. Kf5 Nh7 74. Kf4 Kc4 75. Kg3 Kd4 76. Kh4 Nf6 77. Kh3 Ke4 78. Kg3 Kf5
79. Kh4 Kf4 80. Kh3 Kf3 81. Kh2 Kg4 82. Kg2 Ne4 83. Kh2 Nc5 84. Kg1 Kg3 85. Kh1
Nd3 0-1

[Event "CAMPEONATO CONTINENTAL ABSOLUT"]
[Site "Hotel Torre de Cali, Cali, Co"]
[Date "2007.07.14"]
[Round "5.35"]
[White "Cabrera Huaman, Andres"]
[Black "Arenas, David"]
[Result "1-0"]
[WhiteElo "2268"]
[BlackElo "2081"]
[PlyCount "79"]
[EventDate "2007.07.10"]

1. d4 Nf6 2. c4 g6 3. Nc3 Bg7 4. e4 d6 5. Nf3 O-O 6. Be2 e5 7. O-O Nc6 8. d5
Ne7 9. b4 Nh5 10. Re1 f5 11. c5 Nf4 12. Bc4 fxe4 13. Nd2 Nd3 14. Rf1 Nxc1 15.
Rxc1 e3 16. fxe3 Nf5 17. Qe2 Bh6 18. Rf3 a5 19. b5 Kh8 20. c6 Qe7 21. Rcf1 Rb8
22. Nde4 Bg7 23. Qf2 Re8 24. g4 Nh6 25. h3 bxc6 26. bxc6 Rb4 27. Bd3 Rb6 28.
Qg3 Ba6 29. Bxa6 Rxa6 30. h4 Raa8 31. Ng5 e4 32. Ncxe4 Be5 33. Qh3 Rf8 34. h5
Rxf3 35. Rxf3 Qg7 36. Ne6 Qg8 37. g5 Nf7 38. Qf1 Nxg5 39. N4xg5 gxh5 40. Rf7
1-0

[Event "CAMPEONATO CONTINENTAL ABSOLUT"]
[Site "Hotel Torre de Cali, Cali, Co"]
[Date "2007.07.14"]
[Round "5.37"]
[White "Souza Neves, Andrey M"]
[Black "Sanchez Castillo, Sarai"]
[Result "0-1"]
[WhiteElo "2156"]
[BlackElo "2340"]
[PlyCount "80"]
[EventDate "2007.07.10"]

1. f4 d5 2. Nf3 Nf6 3. g3 c5 4. Bg2 Nc6 5. O-O g6 6. d3 Bg7 7. Nc3 d4 8. Ne4
Qb6 9. Nfd2 Nxe4 10. Nxe4 O-O 11. Kh1 Rd8 12. h3 Be6 13. g4 Bd5 14. f5 Ne5 15.
Qe1 Rac8 16. b3 Qc6 17. a4 c4 18. Ba3 cxd3 19. cxd3 Bf6 20. Qg3 Bxe4 21. Bxe4
Qd7 22. g5 Bh8 23. f6 exf6 24. gxf6 Qe6 25. Be7 Re8 26. Qh4 Rc2 27. Rf2 Rxe7
28. fxe7 Rc7 29. Bg2 Rxe7 30. Rc1 Nc6 31. Qg5 Be5 32. Rc4 Kg7 33. b4 f6 34. Qg4
f5 35. Qf3 Bb8 36. e4 dxe3 37. Re2 Qd6 38. Bf1 Nd4 39. Rxd4 Qxd4 40. Rg2 f4 0-1

[Event "CAMPEONATO CONTINENTAL ABSOLUT"]
[Site "Hotel Torre de Cali, Cali, Co"]
[Date "2007.07.14"]
[Round "5.38"]
[White "Panesso, Henry"]
[Black "Ostos, Julio"]
[Result "0-1"]
[WhiteElo "2143"]
[BlackElo "2306"]
[PlyCount "82"]
[EventDate "2007.07.10"]

1. d4 Nf6 2. c4 c5 3. d5 g6 4. Nc3 Bg7 5. e4 O-O 6. Nf3 e6 7. Bd3 exd5 8. cxd5
Re8 9. O-O d6 10. Nd2 Nbd7 11. Nc4 Nb6 12. Re1 Nxc4 13. Bxc4 a6 14. a4 Ng4 15.
h3 Ne5 16. Bf1 g5 17. Qh5 h6 18. Be2 Qf6 19. Rf1 Ng6 20. g3 Re5 21. Bg4 Qd8 22.
Bd2 Rb8 23. Rfe1 b5 24. axb5 axb5 25. Bxc8 Qxc8 26. Ra7 b4 27. Nd1 Qe8 28. Qe2
Ra8 29. Rxa8 Qxa8 30. f4 gxf4 31. gxf4 Re8 32. Qh5 Qd8 33. f5 Qh4 34. Qxh4 Nxh4
35. Kf2 Kh7 36. Bf4 Bd4+ 37. Kg3 Bf6 38. Nf2 Nxf5+ 39. Kh2 Bh4 40. Ng4 h5 41.
Rf1 Rxe4 0-1

[Event "CAMPEONATO CONTINENTAL ABSOLUT"]
[Site "Hotel Torre de Cali, Cali, Co"]
[Date "2007.07.14"]
[Round "5.39"]
[White "Jukemura, Rodrigo"]
[Black "Ortiz, Nadya Karolina"]
[Result "0-1"]
[WhiteElo "2017"]
[BlackElo "2281"]
[PlyCount "138"]
[EventDate "2007.07.10"]

1. d4 Nf6 2. c4 g6 3. Nc3 Bg7 4. e4 d6 5. Nge2 O-O 6. Ng3 c5 7. d5 e6 8. Be2
exd5 9. exd5 Re8 10. O-O Nfd7 11. Be3 Ne5 12. h3 f5 13. Qd2 Nbd7 14. Rae1 Nf6
15. Kh2 Bd7 16. f4 Nf7 17. Bd3 a6 18. a4 Qa5 19. Qc2 b5 20. axb5 axb5 21. cxb5
Qb4 22. b3 Nh5 23. Nxh5 Bxc3 24. Bd2 Bxd2 25. Nf6+ Kh8 26. Nxe8 Bxe1 27. Nf6
Bc8 28. Qe2 Bc3 29. Qe7 Kg7 30. Ne8+ Kg8 31. Nc7 Qa5 32. Ne6 Bxe6 33. dxe6 Nh6
34. Bc4 Kh8 35. Qd7 Qd8 36. b6 Qxd7 37. exd7 Kg7 38. Rf2 Nf7 39. Ra2 Rb8 40.
Bd5 Nd8 41. b7 Rxb7 42. Bxb7 Nxb7 43. Ra6 Kf7 44. Rxd6 Ke7 45. Rd3 Ba5 46. Rd5
Ke6 47. Rd1 Nd6 48. b4 cxb4 49. Ra1 Kxd7 50. Rxa5 Kc6 51. g4 Nc4 52. Ra1 Kc5
53. Kg2 b3 54. gxf5 gxf5 55. Rb1 Kb4 56. Kg3 Nd2 57. Rd1 Kc3 58. Kh4 Kc2 59.
Ra1 Ne4 60. Ra3 b2 61. Ra2 Kc1 62. Rxb2 Kxb2 63. Kh5 Kc3 64. Kh6 Kd4 65. Kxh7
Ke3 66. Kg6 Kxf4 67. h4 Kg4 68. h5 f4 69. h6 Ng5 0-1

[Event "CAMPEONATO CONTINENTAL ABSOLUT"]
[Site "Hotel Torre de Cali, Cali, Co"]
[Date "2007.07.14"]
[Round "5.41"]
[White "Narvaez, Zamir"]
[Black "Juarez Flores, Gustavo E"]
[Result "0-1"]
[WhiteElo "2062"]
[BlackElo "2204"]
[PlyCount "64"]
[EventDate "2007.07.10"]

1. e4 d6 2. d4 Nf6 3. Nc3 g6 4. h3 Bg7 5. Nf3 c6 6. a4 O-O 7. Bd3 Na6 8. O-O
Nb4 9. Bc4 Nxe4 10. Nxe4 d5 11. Bd2 a5 12. Bxd5 cxd5 13. Nc5 Nc6 14. Nb3 b6 15.
Bf4 Ba6 16. Re1 Rc8 17. c3 Re8 18. Nbd2 e6 19. Re3 f6 20. h4 e5 21. dxe5 fxe5
22. Bg5 Qd7 23. h5 h6 24. hxg6 hxg5 25. Nxg5 e4 26. Ndxe4 Ne5 27. Ng3 Ng4 28.
Rxe8+ Rxe8 29. Qd2 d4 30. Rd1 Qxa4 31. Nf7 Qc6 32. Nf5 Qxg6 0-1

[Event "CAMPEONATO CONTINENTAL ABSOLUT"]
[Site "Hotel Torre de Cali, Cali, Co"]
[Date "2007.07.14"]
[Round "5.42"]
[White "Saladen, Rafael"]
[Black "Rios, Cristian Camilo"]
[Result "1-0"]
[WhiteElo "2190"]
[BlackElo "2013"]
[PlyCount "77"]
[EventDate "2007.07.10"]

1. d4 Nf6 2. Nf3 g6 3. c4 Bg7 4. Nc3 O-O 5. e4 d6 6. h3 Nbd7 7. Bg5 e5 8. d5 h6
9. Be3 Nc5 10. Nd2 a5 11. g4 Ne8 12. h4 c6 13. Be2 Bd7 14. Nb3 Nxb3 15. Qxb3 c5
16. Qc2 Nc7 17. Qd2 Kh7 18. O-O-O Rb8 19. a4 Qe8 20. b3 f5 21. gxf5 gxf5 22. f3
f4 23. Bf2 h5 24. Rdg1 Bh6 25. Bf1 Qf7 26. Bh3 Bxh3 27. Rxh3 Ne8 28. Rh2 Nc7
29. Rhg2 Rg8 30. Be1 Rxg2 31. Qxg2 Rg8 32. Qxg8+ Qxg8 33. Rxg8 Kxg8 34. Nb5
Nxb5 35. axb5 b6 36. Bxa5 Bg5 37. Bxb6 Bxh4 38. Ba5 Be7 39. b6 1-0

[Event "CAMPEONATO CONTINENTAL ABSOLUT"]
[Site "Hotel Torre de Cali, Cali, Co"]
[Date "2007.07.14"]
[Round "5.43"]
[White "Garcia, Alvaro"]
[Black "Perez, Olarte Cesar Camilo"]
[Result "0-1"]
[WhiteElo "2156"]
[BlackElo "2056"]
[PlyCount "90"]
[EventDate "2007.07.10"]

1. Nf3 e6 2. g3 Nf6 3. Bg2 c5 4. c4 Nc6 5. O-O Be7 6. Nc3 d5 7. cxd5 exd5 8. d4
O-O 9. Bg5 Be6 10. Rc1 Ne4 11. Bxe7 Nxe7 12. dxc5 Nxc5 13. Nd4 Rc8 14. b4 Nd7
15. Qb3 Nf6 16. e4 Kh8 17. Nxe6 fxe6 18. Rfd1 Qb6 19. Na4 Qb5 20. Rxc8 Rxc8 21.
Nc5 Qb6 22. Bh3 Rc6 23. e5 Nfg8 24. Qe3 Ng6 25. Rd4 Nf8 26. Bg4 Qc7 27. Rf4 Ng6
28. Nxe6 Rc1+ 29. Kg2 Nxf4+ 30. Qxf4 Qc4 31. Qd4 Qxd4 32. Nxd4 Rc4 33. Nb5 Rxg4
34. f4 Rg6 35. Nd6 Rxd6 36. exd6 Nf6 37. Kf3 Kg8 38. g4 Kf7 39. f5 Ke8 40. g5
Ne4 41. Kf4 Kd7 42. h4 Kxd6 43. h5 h6 44. f6 hxg5+ 45. Kf5 Nxf6 0-1

[Event "CAMPEONATO CONTINENTAL ABSOLUT"]
[Site "Hotel Torre de Cali, Cali, Co"]
[Date "2007.07.14"]
[Round "5.44"]
[White "Restuccia, Francisco"]
[Black "Mateus, Martha"]
[Result "0-1"]
[WhiteElo "2222"]
[BlackElo "2127"]
[PlyCount "60"]
[EventDate "2007.07.10"]

1. e4 c5 2. Nf3 d6 3. d4 cxd4 4. Nxd4 Nf6 5. Nc3 a6 6. Bc4 e6 7. O-O b5 8. Bb3
b4 9. Na4 Be7 10. Re1 O-O 11. c4 Bb7 12. f3 Nbd7 13. Be3 Nc5 14. Bc2 Qc7 15.
Qd2 Rab8 16. a3 bxa3 17. b4 Nxa4 18. Bxa4 a5 19. Rec1 axb4 20. Nb5 Qa5 21. Rxa3
Ra8 22. Ra2 d5 23. Bb3 Qd8 24. c5 Rxa2 25. Qxa2 dxe4 26. c6 Qd3 27. Qa7 Bxc6
28. Rxc6 Qxb3 29. Nc3 bxc3 30. Qxe7 h5 0-1

[Event "CAMPEONATO CONTINENTAL ABSOLUT"]
[Site "Hotel Torre de Cali, Cali, Co"]
[Date "2007.07.14"]
[Round "5.45"]
[White "Barros, Raul Junior"]
[Black "Remicio, Duque John"]
[Result "0-1"]
[WhiteElo "2117"]
[BlackElo "2189"]
[PlyCount "85"]
[EventDate "2007.07.10"]

1. e4 c5 2. Nf3 Nc6 3. d4 cxd4 4. Nxd4 Nf6 5. Nc3 d6 6. Be2 g6 7. O-O Bd7 8. f4
Bg7 9. Be3 O-O 10. Bf3 Nxd4 11. Bxd4 Bc6 12. Qd2 Qc7 13. Rae1 Rfd8 14. Qf2 Qa5
15. e5 dxe5 16. Rxe5 Qb4 17. Bxc6 bxc6 18. Bc5 Qxb2 19. Bxe7 Ng4 20. Qc5 Re8
21. Nd1 Qb6 22. Qxb6 axb6 23. Ree1 Rxa2 24. h3 Nf6 25. Bxf6 Rxe1 26. Rxe1 Bxf6
27. Re2 Bd4+ 28. Kh2 Kg7 29. Kg3 f5 30. Kh2 Kf6 31. g4 h6 32. Kg2 b5 33. Kf1 b4
34. Ke1 c5 35. Kd2 b3 36. Kc1 Ra1+ 37. Kd2 Rxd1+ 38. Kxd1 b2 39. g5+ hxg5 40.
fxg5+ Kxg5 41. h4+ Kxh4 42. Rh2+ Kg3 43. Rh3+ 0-1

[Event "CAMPEONATO CONTINENTAL ABSOLUT"]
[Site "Hotel Torre de Cali, Cali, Co"]
[Date "2007.07.14"]
[Round "5.46"]
[White "Navia, Edwin Adrian"]
[Black "Juarez Flores, Roberto"]
[Result "1/2-1/2"]
[WhiteElo "2019"]
[BlackElo "2177"]
[PlyCount "97"]
[EventDate "2007.07.10"]

1. e4 g6 2. d4 Bg7 3. Nc3 d6 4. Be3 c6 5. Qd2 b5 6. h4 Nd7 7. O-O-O Qa5 8. Kb1
Rb8 9. Bd3 Nb6 10. Nce2 b4 11. Nc1 Na4 12. Nb3 Qc7 13. Ne2 c5 14. Bc4 cxd4 15.
Bxd4 Nf6 16. Bd3 Be6 17. f3 Nb6 18. Nf4 Bc4 19. g4 e5 20. Bxb6 Rxb6 21. Bxc4
Qxc4 22. Nd5 Nxd5 23. Qxd5 Qxd5 24. Rxd5 h5 25. Na5 Ke7 26. Nc4 Rc6 27. b3 hxg4
28. fxg4 Bf6 29. h5 gxh5 30. gxh5 Bg5 31. a3 bxa3 32. Ra5 a6 33. Ka2 Ke6 34.
Kxa3 f5 35. exf5+ Kxf5 36. c3 Ke6 37. Kb2 d5 38. Na3 Bd2 39. Nb1 Be3 40. Kc2
Bc5 41. Kd2 d4 42. Ra4 Rb8 43. cxd4 Bxd4 44. h6 Kf7 45. h7 Kg7 46. h8=Q+ Rxh8
47. Rxh8 Kxh8 48. Kd3 Kg7 49. Ke4 1/2-1/2

[Event "CAMPEONATO CONTINENTAL ABSOLUT"]
[Site "Hotel Torre de Cali, Cali, Co"]
[Date "2007.07.14"]
[Round "5.47"]
[White "Chaucanes, Lina Marcela"]
[Black "Cardona, Fabio"]
[Result "1-0"]
[WhiteElo "1991"]
[BlackElo "2152"]
[PlyCount "128"]
[EventDate "2007.07.10"]

1. e4 d6 2. d4 Nf6 3. Nc3 g6 4. Nf3 Bg7 5. Be2 Nc6 6. O-O O-O 7. h3 Nd7 8. Bb5
e5 9. Bxc6 bxc6 10. dxe5 Nxe5 11. Nxe5 Bxe5 12. Bh6 Bg7 13. Bxg7 Kxg7 14. Qd4+
Qf6 15. Qxf6+ Kxf6 16. f4 Kg7 17. e5 Rb8 18. b3 f6 19. exd6 cxd6 20. Rfe1 Rb4
21. Ne4 Rd4 22. Rad1 Rxd1 23. Rxd1 d5 24. Nd6 Rd8 25. Nxc8 Rxc8 26. c4 Rd8 27.
cxd5 cxd5 28. Rc1 Rd7 29. Kf2 Kf7 30. Ke3 Re7+ 31. Kd3 h5 32. Rc2 h4 33. Kd4
Re4+ 34. Kxd5 Rxf4 35. Rc7+ Ke8 36. Rxa7 Rf2 37. b4 Rxg2 38. b5 Rd2+ 39. Kc6
Rc2+ 40. Kd6 Rd2+ 41. Kc7 Rc2+ 42. Kb7 g5 43. Ra3 f5 44. Rf3 Rxa2 45. Rxf5 Rh2
46. Rxg5 Rxh3 47. b6 Kf7 48. Ra5 Rb3 49. Ka7 h3 50. b7 h2 51. Ra1 h1=Q 52. Rxh1
Ra3+ 53. Kb6 Rb3+ 54. Kc7 Rc3+ 55. Kd6 Rd3+ 56. Ke5 Re3+ 57. Kd6 Rd3+ 58. Kc7
Rc3+ 59. Kb6 Rb3+ 60. Kc5 Ke6 61. Kc6 Rc3+ 62. Kb6 Rb3+ 63. Kc7 Rc3+ 64. Kd8
Rd3+ 1-0

[Event "CAMPEONATO CONTINENTAL ABSOLUT"]
[Site "Hotel Torre de Cali, Cali, Co"]
[Date "2007.07.14"]
[Round "5.48"]
[White "Villa, Olivia Rosalba"]
[Black "Franco, Angela"]
[Result "1-0"]
[WhiteElo "1968"]
[BlackElo "2143"]
[PlyCount "93"]
[EventDate "2007.07.10"]

1. d4 d5 2. Nf3 c6 3. c4 dxc4 4. e4 b5 5. Nc3 Bb7 6. Bf4 Nf6 7. Qc2 e6 8. Be2
h6 9. h3 Nbd7 10. O-O Nb6 11. a3 Be7 12. Rfd1 O-O 13. Ne5 Bd6 14. Bf3 Qc7 15.
b3 Nh7 16. Ne2 Qe7 17. bxc4 Bxe5 18. Bxe5 Nxc4 19. Bf4 Nxa3 20. Qb3 Nc4 21. Nc3
a5 22. d5 e5 23. dxc6 Bxc6 24. Bc1 a4 25. Nxa4 Na5 26. Qc3 bxa4 27. Ba3 Qc7 28.
Bxf8 Nxf8 29. Rxa4 Ne6 30. Ra2 Nd4 31. Rda1 Ndb3 32. Rb1 Qb6 33. Rxa5 Rxa5 34.
Rxb3 Qa6 35. Rb8+ Kh7 36. Rf8 Kg6 37. Bh5+ Kh7 38. Bxf7 Bd7 39. Bg8+ Kg6 40.
Qg3+ Kh5 41. Bf7+ g6 42. Qf3+ Kh4 43. Rh8 Kg5 44. h4+ Kxh4 45. Rxh6+ Kg5 46.
Rxg6+ Qxg6 47. Qg3+ 1-0

[Event "CAMPEONATO CONTINENTAL ABSOLUT"]
[Site "Hotel Torre de Cali, Cali, Co"]
[Date "2007.07.14"]
[Round "5.49"]
[White "Sanchez, M Luis E"]
[Black "Becerra, Juan David"]
[Result "0-1"]
[WhiteElo "2143"]
[BlackElo "2104"]
[PlyCount "44"]
[EventDate "2007.07.10"]

1. e4 c5 2. Nf3 d6 3. d4 cxd4 4. Nxd4 Nf6 5. Nc3 a6 6. Bc4 e6 7. Be3 Qc7 8. Qe2
b5 9. Bd3 Bb7 10. a3 Be7 11. h4 Nbd7 12. h5 O-O 13. g4 d5 14. exd5 Nxd5 15.
Nxd5 Bxd5 16. Rg1 b4 17. axb4 Bxb4+ 18. c3 Bxc3+ 19. Kf1 Bxd4 20. Bxd4 e5 21.
Bc3 e4 22. Bc2 Bc4 0-1

[Event "CAMPEONATO CONTINENTAL ABSOLUT"]
[Site "Hotel Torre de Cali, Cali, Co"]
[Date "2007.07.14"]
[Round "5.50"]
[White "Narvaez, Faber Alberto"]
[Black "Molina, Rafael"]
[Result "1-0"]
[WhiteElo "2140"]
[BlackElo "2101"]
[PlyCount "83"]
[EventDate "2007.07.10"]

1. e4 e5 2. Nf3 Nc6 3. Bc4 Bc5 4. c3 Nf6 5. d4 exd4 6. cxd4 Bb4+ 7. Nc3 Nxe4 8.
O-O Bxc3 9. d5 Bf6 10. dxc6 bxc6 11. Bd3 Nc5 12. Re1+ Ne6 13. Qc2 Rb8 14. Qc5
a6 15. Rb1 Qe7 16. Qc2 h6 17. Bf4 Qd8 18. b4 Kf8 19. Bg3 Kg8 20. Ne5 Qf8 21. a3
h5 22. h3 g5 23. Bc4 Qg7 24. Rbd1 g4 25. h4 d6 26. Nxc6 Rb6 27. Bd5 Bd7 28. Na5
c5 29. Nc4 Rb8 30. Bxd6 Rb5 31. bxc5 g3 32. c6 gxf2+ 33. Qxf2 Rxd5 34. cxd7
Rxd1 35. Rxd1 Qg4 36. Qxf6 Qxd1+ 37. Kh2 Kh7 38. Qf5+ Kg8 39. Qxe6 fxe6 40.
d8=Q+ Kh7 41. Qe7+ Kg6 42. Qxe6+ 1-0

[Event "CAMPEONATO CONTINENTAL ABSOLUT"]
[Site "Hotel Torre de Cali, Cali, Co"]
[Date "2007.07.14"]
[Round "5.51"]
[White "Bermudes, Eduardo"]
[Black "Jukemura, Leandro"]
[Result "1/2-1/2"]
[WhiteElo "2138"]
[BlackElo "2025"]
[PlyCount "80"]
[EventDate "2007.07.10"]

1. g3 d5 2. Bg2 Nf6 3. d3 c6 4. e4 Bg4 5. f3 Bh5 6. Ne2 e5 7. Be3 d4 8. Bc1 c5
9. O-O Bd6 10. a4 Nc6 11. h3 Nd7 12. Kh2 a6 13. c3 Rb8 14. f4 Bxe2 15. Qxe2 f6
16. c4 exf4 17. gxf4 Qe7 18. Kh1 Kd8 19. Bd2 a5 20. Na3 Bc7 21. Nb5 Ra8 22.
Rae1 Re8 23. b3 Nf8 24. Qg4 Qd7 25. Qh5 b6 26. e5 f5 27. Qf3 Re6 28. Nd6 Bxd6
29. Qxc6 Qxc6 30. Bxc6 Rc8 31. Bd5 Bc7 32. Bxe6 Nxe6 33. Kg2 Ke7 34. Kf3 Kf7
35. h4 h5 36. Re2 g6 37. Rg2 Rf8 38. Rfg1 Bd8 39. Be1 Be7 40. Bf2 Bd8 1/2-1/2

[Event "CAMPEONATO CONTINENTAL ABSOLUT"]
[Site "Hotel Torre de Cali, Cali, Co"]
[Date "2007.07.14"]
[Round "5.52"]
[White "Orozco, Luz Elena"]
[Black "Franco, Beatriz"]
[Result "1/2-1/2"]
[WhiteElo "1908"]
[BlackElo "2130"]
[PlyCount "38"]
[EventDate "2007.07.10"]

1. e4 e5 2. Nf3 Nc6 3. Bc4 Bc5 4. c3 Nf6 5. d4 exd4 6. cxd4 Bb4+ 7. Bd2 Bxd2+
8. Nbxd2 d5 9. exd5 Nxd5 10. Qb3 Nce7 11. O-O O-O 12. Rfe1 c6 13. Ne4 Kh8 14.
Rad1 h6 15. Ne5 f6 16. Nf3 Rb8 17. Bxd5 Nxd5 18. Nc3 Bg4 19. Nxd5 Qxd5 1/2-1/2

[Event "CAMPEONATO CONTINENTAL ABSOLUT"]
[Site "Hotel Torre de Cali, Cali, Co"]
[Date "2007.07.14"]
[Round "5.53"]
[White "Sierra, Julian Andres"]
[Black "Salazar, Jeyksson"]
[Result "1-0"]
[WhiteElo "2070"]
[BlackElo "2286"]
[PlyCount "71"]
[EventDate "2007.07.10"]

1. e4 c5 2. Nf3 Nc6 3. d4 cxd4 4. Nxd4 Nf6 5. Nc3 e5 6. Ndb5 d6 7. Bg5 a6 8.
Na3 b5 9. Nd5 Be7 10. Bxf6 Bxf6 11. c3 Bg5 12. Nc2 O-O 13. a4 bxa4 14. Rxa4 a5
15. Bb5 Na7 16. Bd3 Nc6 17. Qe2 Bd7 18. Ra2 Rb8 19. O-O g6 20. Nce3 Be6 21. Nc4
f5 22. Rfa1 f4 23. f3 Rf7 24. Kh1 Rfb7 25. Bc2 Kg7 26. Ba4 Na7 27. Bd1 Nc6 28.
b3 Rb5 29. Na3 R5b7 30. Rd2 Bh4 31. Bc2 Be7 32. Rad1 Kh6 33. Nc4 Rd7 34. Nxe7
Bxc4 35. Nf5+ gxf5 36. Qxc4 1-0

[Event "CAMPEONATO CONTINENTAL ABSOLUT"]
[Site "Hotel Torre de Cali, Cali, Co"]
[Date "2007.07.14"]
[Round "5.54"]
[White "Mateus, Alejandro"]
[Black "Paez, David"]
[Result "1-0"]
[WhiteElo "2194"]
[BlackElo "2048"]
[PlyCount "120"]
[EventDate "2007.07.10"]

1. e4 e6 2. d4 d5 3. Nd2 c5 4. exd5 exd5 5. Ngf3 Nc6 6. Be2 Bd6 7. dxc5 Bxc5 8.
O-O Nge7 9. Nb3 Bd6 10. h3 O-O 11. Nbd4 a6 12. b3 Re8 13. Bb2 Bc7 14. Re1 Qd6
15. Bd3 Bd7 16. c4 Nxd4 17. Bxd4 dxc4 18. Bxc4 Ng6 19. Be3 Bc6 20. Qxd6 Bxd6
21. Red1 Bf4 22. Bxf4 Bxf3 23. Rd7 Rf8 24. Bd6 Bc6 25. Rc7 Rfd8 26. Rxf7 Kh8
27. Bc7 Re8 28. Rd1 Ne5 29. Bxe5 Rxe5 30. Rd4 Rae8 31. Rdf4 g6 32. Rh4 h5 33.
Rhf4 Rg5 34. f3 Rge5 35. Rc7 R5e7 36. Rf8+ Rxf8 37. Rxe7 Re8 38. Rxe8+ Bxe8 39.
Kf2 Kg7 40. Ke3 Kf6 41. Bd5 b6 42. g3 Ke5 43. Bb7 a5 44. f4+ Kd6 45. Kd4 Bf7
46. Ba6 Be8 47. a4 Bf7 48. Bc4 Be8 49. g4 hxg4 50. hxg4 Bd7 51. g5 Bc8 52. Bg8
Bd7 53. Bd5 Be8 54. Bc4 Bd7 55. Bd3 Be8 56. f5 gxf5 57. Bxf5 Bf7 58. Bc2 Be6
59. g6 Bg8 60. g7 Kc6 1-0

[Event "CAMPEONATO CONTINENTAL ABSOLUT"]
[Site "Hotel Torre de Cali, Cali, Co"]
[Date "2007.07.14"]
[Round "5.55"]
[White "Gonzalez, Juan Manuel"]
[Black "Orozco, Lina"]
[Result "1-0"]
[WhiteElo "2115"]
[BlackElo "1969"]
[PlyCount "68"]
[EventDate "2007.07.10"]

1. Nf3 e6 2. e3 d5 3. d4 Nf6 4. Bd3 c5 5. c3 Qc7 6. Nbd2 Nc6 7. O-O h6 8. Qe2
Be7 9. dxc5 Bxc5 10. e4 O-O 11. h3 Ne5 12. Nxe5 Qxe5 13. Nf3 Qc7 14. e5 Nd7 15.
Bf4 Re8 16. b4 Bf8 17. Rac1 Qb8 18. Bg3 a6 19. Nd4 b5 20. f4 Nb6 21. Qh5 Qc7
22. f5 Nc4 23. f6 Ra7 24. Bf4 Rd8 25. Rf3 g6 26. Rg3 Kh8 27. Rxg6 fxg6 28. Bxg6
Qb6 29. Bxh6 Bxh6 30. Qxh6+ Kg8 31. f7+ Rxf7 32. Bxf7+ Kxf7 33. Rf1+ Kg8 34.
Qg6+ Kh8 1-0

[Event "CAMPEONATO CONTINENTAL ABSOLUT"]
[Site "Hotel Torre de Cali, Cali, Co"]
[Date "2007.07.14"]
[Round "5.56"]
[White "Rodriguez Montoya, Juan Andres"]
[Black "Santiago Lastra, Nefi"]
[Result "0-1"]
[WhiteElo "2009"]
[BlackElo "2106"]
[PlyCount "92"]
[EventDate "2007.07.10"]

1. e4 d5 2. exd5 Nf6 3. c4 c6 4. dxc6 Nxc6 5. Nf3 e5 6. d3 e4 7. dxe4 Qxd1+ 8.
Kxd1 Nxe4 9. Ke1 Bb4+ 10. Nbd2 Bg4 11. Bd3 Nc5 12. Bc2 O-O-O 13. h3 Bxf3 14.
gxf3 Nd4 15. Bd1 Nd3+ 16. Kf1 Nxc1 17. Rxc1 Bxd2 18. Rb1 Rd6 19. b4 Re8 20. f4
Bxf4 21. Ba4 Re5 22. Re1 Nf3 23. Rxe5 Nxe5 24. c5 Rd4 25. Bc2 g6 26. b5 Rc4 27.
Bb3 Rxc5 28. Kg2 Rxb5 29. Rc1+ Bxc1 30. Kf1 Rxb3 31. axb3 Kc7 32. Ke2 Bf4 33.
Kd1 b5 34. b4 Nd3 35. Ke2 Nxb4 36. Kf3 Nd5 37. Ke4 Kc6 38. Kd4 a5 39. Kd3 Kc5
40. Kc2 Kd4 41. Kb2 Kd3 42. Kb3 a4+ 43. Ka2 Kc2 44. f3 Bc1 45. f4 Nc3+ 46. Ka1
Bb2# 0-1

[Event "CAMPEONATO CONTINENTAL ABSOLUT"]
[Site "Hotel Torre de Cali, Cali, Co"]
[Date "2007.07.14"]
[Round "5.57"]
[White "Rua, Nora"]
[Black "Montaño, Henry"]
[Result "0-1"]
[WhiteElo "1960"]
[BlackElo "2108"]
[PlyCount "66"]
[EventDate "2007.07.10"]

1. d4 e6 2. Nf3 c5 3. c3 d5 4. Bf4 Nf6 5. e3 Be7 6. Nbd2 O-O 7. Be2 Nc6 8. O-O
Nh5 9. Bg3 Bd7 10. Rc1 Nxg3 11. hxg3 cxd4 12. cxd4 Be8 13. Nb3 Qb6 14. Qc2 Nb4
15. Qb1 f6 16. Bd3 Nxd3 17. Qxd3 Bb5 18. Qd1 Bxf1 19. Qxf1 Rac8 20. g4 Qa6 21.
Qxa6 bxa6 22. Nc5 Bxc5 23. dxc5 Rb8 24. b3 Rfc8 25. Nd4 Kf7 26. a3 a5 27. Rc3
g6 28. Kf1 e5 29. Nc2 Rb5 30. b4 axb4 31. axb4 a5 32. bxa5 Rbxc5 33. Rxc5 Rxc5
0-1